000 00171nam a2200073Ia 4500
999 _c579
_d579
003 OSt
005 20220629162630.0
008 170523s9999 xx 000 0 und d
040 _cIIMT UNIVERSITY, MEERUT
100 _aAIMA
245 0 _aRESRUCTING TO CHANGE
260 _bExcel Books
_aNEW DELHI
300 _a250
942 _2ddc
_c02